Geography Quiz

Random Geography or Asia Quiz

Landmarks: Asia or Europe? Quiz Stats

 Plays Quiz Updated Jul 23, 2015

Challenge
Share
Tweet
Embed
Score 0/20 Timer 01:00
1 Play Today
Landmark Type (A)sia or (E)urope % Correct
Eiffel Tower???
95.1%
Taj Mahal???
94.9%
Leaning Tower of Pisa???
94.7%
Colosseum???
94.6%
Stonehenge???
94%
Mount Fuji???
93.9%
Palace of Versailles???
93.9%
Yangtze River???
93.6%
The Parthenon???
92.7%
The Great Wall at Mutianyu???
91.1%
Landmark Type (A)sia or (E)urope % Correct
St. Peter's Basilica???
90.7%
Forbidden City???
90.6%
Golden Temple???
90.6%
Tiananmen Square???
89.8%
Matterhorn???
87.4%
Silver Pagoda???
85.6%
Ruwanwelisaya???
80.9%
Petra???
69%
Dettifoss???
63.8%
Alhambra???
56%

You're not logged in!

Compare scores with friends on all Sporcle quizzes.
Join for Free
OR
Log In

You Might Also Like...

Show Comments

Extras

Top Quizzes Today


Score Distribution

Your Account Isn't Verified!

In order to create a playlist on Sporcle, you need to verify the email address you used during registration. Go to your Sporcle Settings to finish the process.

Report this User

Report this user for behavior that violates our Community Guidelines.

Details: